000 00497nam a22001577a 4500
003 NUST
082 _a200
100 _aTalha, Muhammad
_9109151
245 _aCognitive Healthcare using Technology Integration/
_cMuhammad Talha,
264 _aIslamabad :
_bSEECS, NUST,
_c2023.
300 _a75 p. ;
_c30 cm.
650 _aMS- Information Technology
_926924
700 _aSupervisor: Dr. Rafia Mumtaz
_996700
856 _uhttp://10.250.8.41:8080/xmlui/handle/123456789/32361
942 _2ddc
_cSC
999 _c593328
_d593328